Brunner & Sudarth's textbook of med-surgical nursing / (Record no. 276345)
[ view plain ]
| 000 -LEADER | |
|---|---|
| fixed length control field | 00310nam a2200109 a 4500 |
| 005 - DATE AND TIME OF LATEST TRANSACTION | |
| control field | 20141022142002.0 |
| 008 - FIXED-LENGTH DATA ELEMENTS--GENERAL INFORMATION | |
| fixed length control field | 120307s19uu xx 00 eng d |
| 050 ## - LIBRARY OF CONGRESS CALL NUMBER | |
| Classification number | CD |
| Item number | B83 2010 |
| 245 ## - TITLE STATEMENT | |
| Title | Brunner & Sudarth's textbook of med-surgical nursing / |
| Statement of responsibility, etc | edited by Suzanne Smeltzer. |
| 260 ## - PUBLICATION, DISTRIBUTION, ETC. (IMPRINT) | |
| Date of publication, distribution, etc | 2010. |
| 942 ## - ADDED ENTRY ELEMENTS (KOHA) | |
| Koha item type | Audio Visual Materials |
| Withdrawn status | Lost status | Damaged status | Home library | Current library | Shelving location | Date acquired | Total Checkouts | Full call number | Barcode | Date last seen | Price effective from | Koha item type |
|---|---|---|---|---|---|---|---|---|---|---|---|---|
| College Library | College Library | Audio Visual Material Section | 03/07/2012 | CD B83 2010 | NUR0010 | 04/12/2014 | 04/12/2014 | Audio Visual Materials | ||||
| College Library | College Library | Audio Visual Material Section | 03/07/2012 | CD B83 2010 | NUR0011 | 04/12/2014 | 04/12/2014 | Audio Visual Materials |